| 000 | 00577nam a2200181 i 4500 | ||
|---|---|---|---|
| 001 | 72804 | ||
| 003 | ES-MaACL | ||
| 005 | 20230906171549.0 | ||
| 007 | t| | ||
| 008 | 040903s1956 sp f |||| | spa d | ||
| 100 | 1 |
_aGodino Gil, Carlos. _957528 |
|
| 245 | 1 | 0 |
_aArquitectura naval _b: teoría del buque y sus aplicaciones : (estática del buque) / _cpor Carlos Godino Gil. |
| 250 | _a2ª ed. | ||
| 260 |
_aBarcelona : _bGustavo Gili, _c1956 ( _fS.A.D.A.G.) |
||
| 300 |
_a2 v. : _b18 lám. ; _c33 cm. |
||
| 650 |
_aConstrucción naval. _9136271 |
||
| 852 |
_aES-MaACL _jG-1920-21 |
||
| 999 |
_c72804 _d72804 |
||